Normal view
MARC view
Entry Topical Term
001 - CONTROL NUMBER
- control field: 6177
003 - CONTROL NUMBER IDENTIFIER
- control field: BD-RjUL
005 - DATE AND TIME OF LATEST TRANSACTION
- control field: 20221206130055.0
008 - FIXED-LENGTH DATA ELEMENTS
- fixed length control field: 221206|| aca||aabn | a|a d
040 ## - CATALOGING SOURCE
- Original cataloging agency: BD-RjUL
- Transcribing agency: BD-RjUL
150 ## - HEADING--TOPICAL TERM
- Topical term or geographic name entry element: الفضائل الاسلامية
670 ## - SOURCE DATA FOUND
- Source citation: Work cat.: (BD-RjUL)80906: Ghazali, Muhammad الغزالي، محمد 6176, خلق المسلم /khuluq almuslim , 1374 هجري[1955